Shirim / (Record no. 33090)
[ view plain ]
| 000 -LEADER | |
|---|---|
| fixed length control field | 00766cam a22002531a 4500 |
| 001 - CONTROL NUMBER | |
| control field | he 68000807 |
| 003 - CONTROL NUMBER IDENTIFIER | |
| control field | DLC |
| 005 - DATE AND TIME OF LATEST TRANSACTION | |
| control field | 20260227111455.0 |
| 008 - FIXED-LENGTH DATA ELEMENTS--GENERAL INFORMATION | |
| fixed length control field | 880608s1966 is 000 0 hebr |
| 010 ## - LIBRARY OF CONGRESS CONTROL NUMBER | |
| LC control number | he 68000807 |
| 035 ## - SYSTEM CONTROL NUMBER | |
| System control number | (OCoLC)18058069 |
| 040 ## - CATALOGING SOURCE | |
| Original cataloging agency | DLC |
| Transcribing agency | InU |
| Modifying agency | DLC |
| 042 ## - AUTHENTICATION CODE | |
| Authentication code | premarc |
| 050 00 - LIBRARY OF CONGRESS CALL NUMBER | |
| Classification number | PJ5054.A5 |
| Item number | S5 |
| 100 1# - MAIN ENTRY--PERSONAL NAME | |
| Personal name | Alterman, Nathan, |
| Dates associated with a name | 1910-1970. |
| 240 00 - UNIFORM TITLE | |
| Uniform title | Poems. |
| Form subheading | Selections |
| 245 10 - TITLE STATEMENT | |
| Title | Shirim / |
| Statement of responsibility, etc. | Natan Alterman. |
| 260 ## - PUBLICATION, DISTRIBUTION, ETC. | |
| Place of publication, distribution, etc. | [Tel-Aviv] : |
| Name of publisher, distributor, etc. | ha-Ḳibuts ha-meʼuḥad : |
| -- | "Maḥbarot le-sifrut," |
| Date of publication, distribution, etc. | 727 [1966 or 1967] |
| 300 ## - PHYSICAL DESCRIPTION | |
| Extent | 2 v. ; |
| Dimensions | 22 cm. |
| 500 ## - GENERAL NOTE | |
| General note | Poems. |
| 500 ## - GENERAL NOTE | |
| General note | Romanized record. |
| 500 ## - GENERAL NOTE | |
| General note | Vocalized. |
| 505 0# - FORMATTED CONTENTS NOTE | |
| Formatted contents note | [1] Kokhavim ba-ḥuts. Simḥat ʻaniyim. shire makot metsarim -- [2] ʻIr ha-yonah. |
No items available.